| 000 | 00661nam a22002172 4500 | ||
|---|---|---|---|
| 001 | 0000013030 | ||
| 005 | 20151217145859.0 | ||
| 008 | 090520s xx 000 0 eng d | ||
| 020 | _a8177587579 : | ||
| 040 |
_aKABU _cKABU |
||
| 100 | 1 |
_aKrane, Dan E. _@0000170085 |
|
| 245 | 1 | 0 |
_aFundamental concepts of bioinformatics / _cDan E. Krane, Michael L. Raymer. |
| 250 | _a1st ed. | ||
| 260 |
_aNEW delhi : _bPearson Education, _c2003. |
||
| 300 | _axiii, 314 p. | ||
| 650 | 0 |
_aBioinformatics. _@0000155251 |
|
| 700 | 1 |
_aRaymer, Michael L. _@0000170086 |
|
| 852 | 1 | _9p3520 KES | |
| 908 | _a090520 | ||
| 950 | _@1 | ||
| 999 |
_c3653 _d3653 |
||